[Event "Berlin-ch Seniors op 39th"]
[Site "Berlin"]
[Date "2023.01.25"]
[Round "2"]
[White "Koerlin, Hans Juergen"]
[Black "Vandre, Wolfgang"]
[Result "1/2-1/2"]
[WhiteElo "1865"]
[BlackElo "2112"]
[PlyCount "47"]
[EventDate "2023.01.24"]
[EventType "swiss"]
[EventRounds "9"]
[EventCountry "GER"]
[SourceTitle "CBM 212 Extra"]
[Source "ChessBase"]
[SourceDate "2023.03.31"]
[SourceVersion "1"]
[SourceVersionDate "2023.03.31"]
[SourceQuality "1"]

1. e4 e5 2. Nf3 Nc6 3. Nc3 Nf6 4. d4 exd4 5. Nd5 Be7 6. Nxd4 0-0 7. Bc4 Nxd5 8. Bxd5 Nxd4 9. Qxd4 Bf6 10. Qd3 d6 11. 0-0 c6 12. Bb3 Re8 13. c3 Qe7 14. Bc2 g6 15. Bf4 Be5 16. Be3 f5 17. Bb3+ Kh8 18. f3 Bg7 19. Bd4 Be6 20. Bxe6 Qxe6 21. exf5 gxf5 22. Kf2 Bxd4+ 23. Qxd4+ Qe5 24. Rad1 1/2-1/2

[Event "Berlin-ch Seniors op 35th"]
[Site "Berlin"]
[Date "2019.01.31"]
[Round "3"]
[White "Burchardt, Brigitte"]
[Black "Koerlin, Hans Juergen"]
[Result "1/2-1/2"]
[WhiteElo "2166"]
[BlackElo "1883"]
[PlyCount "58"]
[EventDate "2019.01.29"]
[EventType "swiss"]
[EventRounds "9"]
[EventCountry "GER"]
[SourceTitle "CBM 189 Extra"]
[Source "ChessBase"]
[SourceDate "2019.06.03"]
[SourceVersion "1"]
[SourceVersionDate "2019.06.03"]
[SourceQuality "1"]

1. e4 e5 2. Bc4 Nf6 3. d3 c6 4. Qe2 Bc5 5. Nf3 d6 6. c3 0-0 7. h3 h6 8. 0-0 Qe7 9. Re1 Be6 10. Bb3 Nbd7 11. Bc2 Rae8 12. d4 Bb6 13. Nbd2 exd4 14. cxd4 Ba5 15. Qd3 Nh5 16. Qa3 Bb6 17. Nf1 d5 18. Qd3 dxe4 19. Rxe4 Nhf6 20. Re1 Qd6 21. Be3 Bd5 22. N3d2 Re6 23. Nc4 Bxc4 24. Qxc4 Rfe8 25. Rad1 Nd5 26. a3 N7f6 27. Qd3 Nxe3 28. Rxe3 g6 29. Rf3 Kg7 1/2-1/2

[Event "GER-chT Betriebe 18th"]
[Site "Altenberg Zinnwald"]
[Date "2018.11.09"]
[Round "4.1"]
[White "Koerlin, Hans Juergen"]
[Black "Schmidt, Gerhard"]
[Result "1-0"]
[WhiteElo "1878"]
[BlackElo "2040"]
[PlyCount "49"]
[EventDate "2018.11.08"]
[EventType "team-swiss"]
[EventRounds "7"]
[EventCountry "GER"]
[SourceTitle "EXT 2020"]
[Source "ChessBase"]
[SourceDate "2019.10.17"]
[SourceVersion "1"]
[SourceVersionDate "2019.10.17"]
[SourceQuality "1"]
[WhiteTeam "Berlin Tempelhof II"]
[BlackTeam "Altenberg Europark"]
[WhiteTeamCountry "GER"]
[BlackTeamCountry "GER"]

1. e4 c5 2. b4 cxb4 3. Bb2 d6 4. d4 Nf6 5. Bd3 Nc6 6. f4 Qb6 7. Nf3 Bg4 8. Nbd2 e6 9. Nc4 Qc7 10. Ne3 Bxf3 11. Qxf3 Be7 12. 0-0 Rd8 13. e5 Nd5 14. Nxd5 exd5 15. e6 fxe6 16. Qg4 Kd7 17. Rfe1 Kc8 18. Qxe6+ Kb8 19. Qxd5 Bf6 20. a3 Qb6 21. c3 bxc3 22. Bxc3 Nxd4 23. Ba5 Qb3 24. Bc4 Ne2+ 25. Rxe2 1-0

[Event "Berlin-ch Seniors op 34th"]
[Site "Berlin"]
[Date "2018.02.08"]
[Round "9"]
[White "Fiedler, Wolfgang2222"]
[Black "Koerlin, Hans Juergen"]
[Result "0-1"]
[WhiteElo "1892"]
[BlackElo "1830"]
[PlyCount "80"]
[EventDate "2018.01.30"]
[EventType "swiss"]
[EventRounds "9"]
[EventCountry "GER"]
[SourceTitle "EXT 2020"]
[Source "ChessBase"]
[SourceDate "2019.10.17"]
[SourceVersion "1"]
[SourceVersionDate "2019.10.17"]
[SourceQuality "1"]

1. e4 e5 2. Nf3 Nc6 3. Bb5 a6 4. Bxc6 dxc6 5. h3 Bc5 6. 0-0 Qe7 7. c3 f6 8. d4 Bb6 9. Na3 exd4 10. Nxd4 Be6 11. Nxe6 Qxe6 12. Nc2 Ne7 13. Qh5+ g6 14. Qf3 0-0-0 15. Be3 c5 16. Rfd1 Nc6 17. Bf4 Rxd1+ 18. Rxd1 Qxa2 19. Bc1 Rf8 20. Ne3 Ne5 21. Qf4 c6 22. Qh4 Qf7 23. f3 c4 24. Kh1 Nd3 25. Kh2 Nxc1 26. Qg4+ f5 27. exf5 gxf5 28. Nxf5 Qxf5 29. Rxc1 h5 30. Qxc4 Qf4+ 31. Qxf4 Rxf4 32. Kg3 Bc7 33. Kf2 h4 34. Ke3 Ra4 35. Rd1 Bf4+ 36. Kd3 Kc7 37. Re1 Ra2 38. Re2 Kd6 39. Ke4 Bc1 40. Kf5 Rxb2 0-1

[Event "Berlin-ch Seniors op 34th"]
[Site "Berlin"]
[Date "2018.02.01"]
[Round "3"]
[White "Geiss, Anne"]
[Black "Koerlin, Hans Juergen"]
[Result "0-1"]
[WhiteElo "1325"]
[BlackElo "1830"]
[PlyCount "88"]
[EventDate "2018.01.30"]
[EventType "swiss"]
[EventRounds "9"]
[EventCountry "GER"]
[SourceTitle "EXT 2020"]
[Source "ChessBase"]
[SourceDate "2019.10.17"]
[SourceVersion "1"]
[SourceVersionDate "2019.10.17"]
[SourceQuality "1"]

1. e4 e5 2. Nf3 Nc6 3. Bb5 a6 4. Ba4 Nf6 5. 0-0 b5 6. Bb3 Be7 7. Re1 0-0 8. h3 Re8 9. a4 Bb7 10. d3 Bf8 11. Bg5 Na5 12. c3 c5 13. Bd5 Bxd5 14. exd5 d6 15. Nbd2 Be7 16. b4 Nb7 17. Bxf6 Bxf6 18. Ne4 Be7 19. Qd2 h6 20. axb5 axb5 21. c4 Rxa1 22. Rxa1 f5 23. Nc3 bxc4 24. b5 cxd3 25. Nxe5 dxe5 26. Qxd3 Nd6 27. Rb1 e4 28. Qe2 Qa5 29. Qc2 Bf6 30. Na4 Nxb5 31. Qxc5 Qxa4 32. Qxb5 Qxb5 33. Rxb5 f4 34. d6 Kf7 35. d7 Rd8 36. Rd5 Ke6 37. Rd1 Rxd7 38. Rxd7 Kxd7 39. g4 Bh4 40. Kf1 Kd6 41. Ke2 Kd5 42. f3 e3 43. Kd3 g6 44. Ke2 Kc4 0-1

[Event "Berlin-ch Seniors op 33rd"]
[Site "Berlin"]
[Date "2017.02.03"]
[Round "4"]
[White "Maetzing, Hans Dieter"]
[Black "Koerlin, Hans Juergen"]
[Result "1/2-1/2"]
[WhiteElo "1964"]
[BlackElo "1855"]
[PlyCount "84"]
[EventDate "2017.01.31"]
[EventType "swiss"]
[EventRounds "9"]
[EventCountry "GER"]
[SourceTitle "EXT 2019"]
[Source "ChessBase"]
[SourceDate "2018.10.10"]
[SourceVersion "1"]
[SourceVersionDate "2018.10.10"]
[SourceQuality "1"]

1. Nc3 e5 2. Nf3 Nc6 3. d4 exd4 4. Nxd4 Bc5 5. Be3 Bb6 6. Nxc6 bxc6 7. Bxb6 axb6 8. e4 d6 9. Be2 Nf6 10. 0-0 0-0 11. Qd2 Qe7 12. Bf3 Nd7 13. Rfe1 Ne5 14. Be2 Ng6 15. f4 Bd7 16. Rf1 Rfd8 17. Qe1 f5 18. Bd3 Rf8 19. g3 Rae8 20. Qf2 Qf6 21. Rab1 Re7 22. Rfe1 Rfe8 23. exf5 Bxf5 24. Rxe7 Rxe7 25. Bxf5 Qxf5 26. Kg2 h5 27. Rf1 b5 28. a3 d5 29. h3 d4 30. Qxd4 Qxc2+ 31. Rf2 Qf5 32. Qd1 h4 33. g4 Nxf4+ 34. Kh1 Qe5 35. Qf3 g5 36. Rf1 Qe3 37. Kh2 Qc5 38. Qd1 Qd6 39. Qf3 Nh5+ 40. Kg2 Qd2+ 41. Rf2 Nf4+ 42. Kh2 Qd6 1/2-1/2

[Event "Berlin-ch Seniors op 33rd"]
[Site "Berlin"]
[Date "2017.01.31"]
[Round "1"]
[White "Koerlin, Hans Juergen"]
[Black "Gmerek, Henning"]
[Result "1-0"]
[WhiteElo "1855"]
[BlackElo "1566"]
[PlyCount "74"]
[EventDate "2017.01.31"]
[EventType "swiss"]
[EventRounds "9"]
[EventCountry "GER"]
[SourceTitle "EXT 2019"]
[Source "ChessBase"]
[SourceDate "2018.10.10"]
[SourceVersion "1"]
[SourceVersionDate "2018.10.10"]
[SourceQuality "1"]

1. e4 e5 2. f4 exf4 3. Bc4 Qh4+ 4. Kf1 d6 5. Nf3 Qf6 6. Nc3 Ne7 7. d4 Bg4 8. e5 Bxf3 9. exf6 Bxd1 10. fxe7 Bxe7 11. Nxd1 Bf6 12. c3 g5 13. Nf2 0-0 14. Ne4 Nd7 15. h4 h6 16. hxg5 hxg5 17. Rh5 Kg7 18. g4 Rh8 19. Nxf6 Nxf6 20. Rxg5+ Kf8 21. Kg2 Rh4 22. Bxf4 Nd7 23. Rh5 Rxh5 24. gxh5 Kg7 25. h6+ Kh8 26. Re1 Rg8+ 27. Kf2 Rg4 28. Re8+ Rg8 29. Bxf7 Rxe8 30. Bxe8 Nf6 31. Bg6 b6 32. Kf3 a5 33. Bg5 Nh7 34. Bd8 Nf8 35. Bf5 Nh7 36. Kf4 d5 37. Bxc7 Nf6 1-0

[Event "Berlin-ch Seniors op 31st"]
[Site "Berlin"]
[Date "2015.02.04"]
[Round "6"]
[White "Bauer, Stefan"]
[Black "Koerlin, Hans Juergen"]
[Result "0-1"]
[WhiteElo "1500"]
[BlackElo "1693"]
[PlyCount "90"]
[EventDate "2015.01.29"]
[EventType "swiss"]
[EventRounds "9"]
[EventCountry "GER"]
[SourceTitle "EXT 2018"]
[Source "ChessBase"]
[SourceDate "2017.10.13"]
[SourceVersion "1"]
[SourceVersionDate "2017.10.13"]
[SourceQuality "1"]

1. Nf3 d5 2. d4 c5 3. e3 Nc6 4. c3 Nf6 5. Nbd2 e6 6. Bd3 g6 7. 0-0 Bg7 8. Ne5 Nxe5 9. dxe5 Nd7 10. f4 0-0 11. Qe1 d4 12. cxd4 cxd4 13. exd4 Nxe5 14. dxe5 Qd4+ 15. Kh1 Qxd3 16. Rf3 Qd5 17. Ne4 Bd7 18. Nf6+ Bxf6 19. exf6 Bc6 20. Bd2 Qf5 21. Rg3 Qxf6 22. Qc1 Rac8 23. Bc3 Qf5 24. Qe3 Rcd8 25. Rg5 Qc2 26. Bd4 Qe4 27. Qxe4 Bxe4 28. Bxa7 Rd2 29. Re1 f5 30. b4 Rxa2 31. Bb6 Rc8 32. Rd1 Bd5 33. Bc5 Rca8 34. h4 Kf7 35. Bd4 Rc2 36. Kh2 Raa2 37. Rg1 Rc4 38. Be5 Rxb4 39. Rc1 Rc4 40. Rb1 Rcc2 41. Rg1 b5 42. h5 b4 43. Kh3 b3 44. hxg6+ hxg6 45. Rg3 b2 0-1

[Event "Berlin-ch Seniors op 31st"]
[Site "Berlin"]
[Date "2015.01.30"]
[Round "2"]
[White "Koerlin, Hans Juergen"]
[Black "Paul, Reinhart"]
[Result "0-1"]
[WhiteElo "1693"]
[BlackElo "1927"]
[PlyCount "40"]
[EventDate "2015.01.29"]
[EventType "swiss"]
[EventRounds "9"]
[EventCountry "GER"]
[SourceTitle "EXT 2018"]
[Source "ChessBase"]
[SourceDate "2017.10.13"]
[SourceVersion "1"]
[SourceVersionDate "2017.10.13"]
[SourceQuality "1"]

1. e4 c5 2. Nc3 d6 3. f4 e6 4. Bc4 a6 5. a4 Nf6 6. d3 d5 7. Bb3 dxe4 8. Nxe4 Be7 9. Be3 Qc7 10. Nh3 b6 11. 0-0 Bb7 12. Nhg5 Qc6 13. f5 Nxe4 14. Nxe4 e5 15. Qh5 Rf8 16. Qxh7 Nd7 17. Qxg7 Nf6 18. Nxf6+ Bxf6 19. Qg3 0-0-0 20. Qf2 Rg8 0-1

[Event "Berlin-ch QT"]
[Site "Berlin"]
[Date "2013.04.02"]
[Round "4"]
[White "Kribben, Matthias"]
[Black "Koerlin, Hans Juergen"]
[Result "1-0"]
[WhiteElo "2128"]
[BlackElo "1876"]
[PlyCount "93"]
[EventDate "2013.03.30"]
[EventType "swiss"]
[EventRounds "9"]
[EventCountry "GER"]
[SourceTitle "EXT 2023"]
[Source "ChessBase"]
[SourceDate "2022.10.05"]
[SourceVersion "1"]
[SourceVersionDate "2022.10.05"]
[SourceQuality "1"]

1. e4 e5 2. Nf3 Nc6 3. c3 Nf6 4. d4 d5 5. Bb5 Nxe4 6. Nxe5 Qf6 7. 0-0 a6 8. f3 Ng5 9. Re1 Ne6 10. Qa4 Bd7 11. Nxc6 Bd6 12. Ne5 Bxb5 13. Qb3 Bc6 14. Nd2 0-0 15. Nf1 Rfe8 16. Bd2 Nf4 17. Bxf4 Qxf4 18. Nxc6 bxc6 19. Qb7 Qh6 20. Rxe8+ Rxe8 21. Qxa6 c5 22. Qd3 c4 23. Qc2 Qh4 24. a4 c5 25. Qf2 Qe7 26. a5 Qa7 27. a6 Ra8 28. Ne3 cxd4 29. Nxd5 Bc5 30. Ra5 Rc8 31. Kf1 d3 32. Qd2 Bg1 33. Ne7+ Qxe7 34. Kxg1 Qc7 35. Ra3 Qc5+ 36. Qf2 Qd5 37. Qd2 Re8 38. a7 Qc5+ 39. Kf1 Ra8 40. Qf2 Qg5 41. Ra1 h5 42. Qb6 Qd5 43. Ra5 Qe6 44. Qb8+ Kh7 45. Rxh5+ Kg6 46. Re5 d2 47. Rxe6+ 1-0

[Event "Berlin-ch QT"]
[Site "Berlin"]
[Date "2013.03.31"]
[Round "2"]
[White "Koerlin, Hans Juergen"]
[Black "Pueschel, Werner"]
[Result "0-1"]
[WhiteElo "1876"]
[BlackElo "2118"]
[PlyCount "104"]
[EventDate "2013.03.30"]
[EventType "swiss"]
[EventRounds "9"]
[EventCountry "GER"]
[SourceTitle "EXT 2023"]
[Source "ChessBase"]
[SourceDate "2022.10.05"]
[SourceVersion "1"]
[SourceVersionDate "2022.10.05"]
[SourceQuality "1"]

1. e4 c5 2. Nc3 e6 3. Nf3 a6 4. d4 cxd4 5. Nxd4 Qc7 6. Bd3 Nf6 7. 0-0 Bc5 8. Nde2 Nc6 9. a3 b5 10. b4 Ba7 11. Bf4 Ne5 12. Bxb5 Nh5 13. Bxe5 Qxe5 14. Ba4 Nf6 15. Qd3 Bb7 16. Rad1 0-0 17. Qg3 Qxg3 18. Nxg3 Rfc8 19. Rd3 d6 20. Rfd1 h5 21. h4 Ng4 22. R1d2 Ne5 23. Nxh5 Nxd3 24. Rxd3 Rc4 25. Bb3 Rd4 26. Rg3 g6 27. Kf1 Kf8 28. Nf6 Ke7 29. Rf3 d5 30. exd5 Rxh4 31. Nce4 Rd8 32. c4 Bb8 33. g3 Rh1+ 34. Ke2 Rb1 35. Kd2 Be5 36. Kc2 Rb2+ 37. Kc1 Rh8 38. Ng4 Rh1+ 39. Bd1 Bh8 40. d6+ Kd8 41. Ngf6 Ra2 42. Rd3 Bxf6 43. Nxf6 Rxf2 44. Ng4 Rf3 45. Rd2 Rf5 46. Kc2 Rh3 47. a4 Rxg3 48. b5 Be4+ 49. Kb2 Rd3 50. Rxd3 Bxd3 51. Bb3 Kd7 52. Ne3 Re5 0-1

[Event "Berlin-ch qualification"]
[Site "Berlin-Lichtenrade"]
[Date "2012.04.14"]
[Round "9.12"]
[White "Koerlin, Hans Juergen"]
[Black "Mahler, Sonja"]
[Result "1-0"]
[WhiteElo "1859"]
[BlackElo "1635"]
[PlyCount "47"]
[EventDate "2012.04.08"]
[EventType "swiss"]
[EventRounds "9"]
[EventCountry "GER"]
[SourceTitle "EXT 2022"]
[Source "ChessBase"]
[SourceDate "2021.10.06"]
[SourceVersion "1"]
[SourceVersionDate "2021.10.06"]
[SourceQuality "1"]

1. e4 e5 2. f4 d6 3. Nf3 Nd7 4. c3 Be7 5. d4 exd4 6. cxd4 c6 7. Nc3 b5 8. Bd3 a6 9. 0-0 h5 10. e5 Nf8 11. Qe2 d5 12. f5 Ra7 13. Bd2 h4 14. Rae1 Rh5 15. e6 f6 16. Ne5 Rh7 17. Nxc6 Qb6 18. Nxa7 Qxa7 19. Nxb5 Qb6 20. Kh1 axb5 21. Bxb5+ Kd8 22. a4 Bd6 23. Rc1 Ke7 24. Rxc8 1-0